Veda a technika na slovenských vysokých školách

Začiatkom roka 2005 vláda SR schválila dokument Stratégia rozvoja konkurencieschopnosti Slovenska do roku 2010, ktorý sa zvykne nazývať aj Lisabonská stratégia Slovenska. Veda, výskum a inovácie sú jedným z jej štyroch pilierov. Lisabonská stratégia Európskej únie. Stratégia rozvoja konkurencieschop...

Descripción completa

Guardado en:
Detalles Bibliográficos
Autor principal: Vozár, Libor
Formato: Capítulo de libro
Lenguaje:eslovaco
Materias:
Etiquetas: Agregar Etiqueta
Sin Etiquetas, Sea el primero en etiquetar este registro!

MARC

LEADER 00000naa$a2200000$$$4500
001 0035627
005 20231013113100.5
041 0 |a slo 
044 |a SK 
245 1 0 |a Veda a technika na slovenských vysokých školách  |c Libor Vozár 
520 |a Začiatkom roka 2005 vláda SR schválila dokument Stratégia rozvoja konkurencieschopnosti Slovenska do roku 2010, ktorý sa zvykne nazývať aj Lisabonská stratégia Slovenska. Veda, výskum a inovácie sú jedným z jej štyroch pilierov. Lisabonská stratégia Európskej únie. Stratégia rozvoja konkurencieschopnosti SR do r. 2010. Vysokoškolské vzdelávanie, veda a technika na vysokých školách. Kategorizácia vysokých škôl. Zákon o organizácii štátnej podpory výskumu a vývoja. 
610 2 0 |a školy vysoké 
610 2 0 |a veda 
610 2 0 |a technika 
610 2 0 |a programy vládne 
610 2 0 |a Slovensko 
610 2 0 |a rozvoj vedecký 
610 2 0 |a konkurencieschopnosť 
610 2 0 |a vzdelávanie 
610 2 0 |a politika vedecká 
100 1 |a Vozár, Libor